000 00742nam a2200289Ia 4500
005 20260324112822.0
008 008 260324s9999 xx 000 0 eng d
020 _a9781003435433
037 _aEBOOK
040 _aCRL
040 _beng
040 _cCRL
041 _2eng
041 _aeng
084 _qCRL
100 _aNataliya Struk; Maryana Prokop; Oleksandra Struk
_91144265
245 4 _aThe Economics of Russia’s War in Ukraine
245 0 _bImpact Analysis of Economic Policy and Finance
260 _bTaylor and Francis
260 _c2024
365 _a
365 _b205
856 _uhttp://www.taylorfrancis.com/books/9781003435433
942 _cEBOOK
999 _c1733626
_d1733626